<Ein> empirischer Vergleich der Eignung von Conjoint-Analyse und "Analytic Hierarchy Process" (AHP) zur Neuproduktplanung.
Empirické porovnanie vhodnosti Conjoint-Analyse a Analytic Hierarchy Process (AHP) k plánovaniu novej produkcie. Porovnanie 2 metód: dekompozičnej Conjoint Analyse a kompozičnej AHP ako spôsobov riešenia optimálnej tvorby produktov. Hodnotenie kvality prognóz a odporúčaní na konanie u obidvoch postu...
Enregistré dans:
| Auteur principal: | |
|---|---|
| Format: | Chapitre de livre |
| Langue: | allemand |
| Sujets: | |
| Tags: |
Pas de tags, Soyez le premier à ajouter un tag!
|
MARC
| LEADER | 00000naa a2200000 4500 | ||
|---|---|---|---|
| 001 | r008164 | ||
| 005 | 20221130103949.7 | ||
| 041 | 0 | |a ger | |
| 044 | |a DE | ||
| 245 | 1 | 0 | |a <Ein> empirischer Vergleich der Eignung von Conjoint-Analyse und "Analytic Hierarchy Process" (AHP) zur Neuproduktplanung. |c D.K. Tscheulin |
| 520 | |a Empirické porovnanie vhodnosti Conjoint-Analyse a Analytic Hierarchy Process (AHP) k plánovaniu novej produkcie. Porovnanie 2 metód: dekompozičnej Conjoint Analyse a kompozičnej AHP ako spôsobov riešenia optimálnej tvorby produktov. Hodnotenie kvality prognóz a odporúčaní na konanie u obidvoch postupov. Operacionalizácia pojmu kvalita prognózy. Hodnotenie parametrov a konštrukcia testu validity. | ||
| 610 | 2 | 0 | |a plánovanie výroby |
| 610 | 2 | 0 | |a výroba nová |
| 610 | 2 | 0 | |a metódy plánovania |
| 610 | 2 | 0 | |a kvalita |
| 610 | 2 | 0 | |a prognózy |
| 610 | 2 | 0 | |a pojmy |
| 100 | 1 | |a Tscheulin, D.K. | |